000
002780000a22001090004500
090
_a
AR
_b
04489
245
1
0
_a
Ecosistemas
_s
estructuras para la reflexión
041
0
_a
Español
100
1
_a
Wiken, Ed.
_9
98381
942
_c
ARTICULO
773
1
_t
Conservacion mundial
_h
1
_q
22-23
_d
1996
999
_c
13588
_d
13588